00552nam a22002057a 4500003000500000005001700005008004100022010001000063011001000073035001000083040000900093082001800102110002900120245001100149260004000160300002000200490004800220650003000268830004800298CHAP20220329135821.0971013s1944 r 00010 d a42755 a43727 a47864 cCHAP a338.47678bE8 aE.U.A. Tariff Commission aRubber aWashington :bThe Commission,c1944 a102 p.b: ilus. aWar changes in industry series. Reportv; 614aCauchoxIndustriaxE.U.A.0 aWar changes in industry series. Reportv; 6